[Event "Steyr Landesliga 1314"]
[Site "Austria"]
[Date "2013.12.07"]
[Round "5.6"]
[White "Hadl, Johann"]
[Black "Wallner, Walter"]
[Result "1/2-1/2"]
[WhiteElo "1893"]
[BlackElo "2021"]
[PlyCount "100"]
[EventDate "2013.09.28"]
[EventType "team-tourn"]
[EventRounds "11"]
[EventCountry "AUT"]
[SourceTitle "EXT 2015"]
[Source "ChessBase"]
[SourceDate "2014.11.20"]
[SourceVersion "1"]
[SourceVersionDate "2014.11.20"]
[SourceQuality "1"]
[WhiteTeam "Fuerstenfeld"]
[BlackTeam "Gleisdorf"]
[WhiteTeamCountry "AUT"]
[BlackTeamCountry "AUT"]

1. e4 e5 2. Nf3 Nc6 3. Bb5 a6 4. Ba4 Nf6 5. 0-0 b5 6. Bb3 Bc5 7. c3 Bb6 8. d3 d6 9. Be3 0-0 10. Nbd2 Ne7 11. Bxb6 cxb6 12. Qe2 Ng6 13. Qe3 h6 14. Ne1 Ng4 15. Qg3 Nf4 16. Bd1 Nf6 17. d4 N6h5 18. Bxh5 Nxh5 19. Qe3 Nf4 20. Nd3 Nxd3 21. Qxd3 f5 22. f3 Qc7 23. Rfe1 fxe4 24. fxe4 Be6 25. d5 Qc5+ 26. Qe3 Bg4 27. Qxc5 bxc5 28. Rf1 a5 29. Rxf8+ Kxf8 30. Kf2 Ke7 31. Ke3 Bd7 32. Rf1 a4 33. a3 Rb8 34. h3 b4 35. Rb1 bxa3 36. bxa3 Rxb1 37. Nxb1 Kf6 38. Kf3 h5 39. h4 g5 40. g3 Bg4+ 41. Ke3 Bd7 42. Nd2 Bb5 43. Nf3 gxh4 44. gxh4 Bd7 45. Nd2 Bb5 46. Nf3 Bd7 47. Ng1 Ke7 48. Ne2 Kf6 49. Ng3 Kg6 50. Kd3 Bb5+ 1/2-1/2

[Event "Weiz-ch op 11th"]
[Site "Weiz"]
[Date "2012.03.25"]
[Round "5.7"]
[White "Wallner, Walter"]
[Black "Veigl, Thomas"]
[Result "1-0"]
[WhiteElo "2032"]
[BlackElo "1889"]
[PlyCount "87"]
[EventDate "2012.03.21"]
[EventType "swiss"]
[EventRounds "5"]
[EventCountry "AUT"]
[SourceTitle "EXT 2024"]
[Source "ChessBase"]
[SourceDate "2023.10.10"]
[SourceVersion "1"]
[SourceVersionDate "2023.10.10"]
[SourceQuality "1"]

1. e4 c6 2. d4 d5 3. exd5 cxd5 4. Bd3 Nc6 5. c3 Qc7 6. Ne2 Bg4 7. f3 Bh5 8. Bf4 Qd7 9. 0-0 e6 10. Qd2 Bd6 11. Bxd6 Qxd6 12. Qf4 Qxf4 13. Nxf4 Bg6 14. b4 Bxd3 15. Nxd3 Nge7 16. a4 0-0 17. a5 b6 18. Nd2 Nf5 19. Ra2 b5 20. Re1 Nd6 21. Nc5 Rfe8 22. f4 Re7 23. Nf3 Rae8 24. Rae2 Nc4 25. g4 Kf8 26. Kf2 Nd8 27. Ne5 Nxe5 28. Rxe5 f6 29. R5e3 Kf7 30. Kf3 Nc6 31. Nd3 Kf8 32. h4 Kg8 33. g5 f5 34. h5 Kf7 35. Ke2 Kg8 36. g6 h6 37. Nc5 Nd8 38. Kd2 Kf8 39. a6 Kg8 40. Ra1 Nc6 41. Nb7 Kf8 42. Rae1 Nb8 43. Nd6 Rd8 44. Nxf5 1-0

[Event "Weiz-ch op 11th"]
[Site "Weiz"]
[Date "2012.03.24"]
[Round "4.4"]
[White "Aschenbrenner, Robert"]
[Black "Wallner, Walter"]
[Result "1-0"]
[WhiteElo "2270"]
[BlackElo "2032"]
[PlyCount "91"]
[EventDate "2012.03.21"]
[EventType "swiss"]
[EventRounds "5"]
[EventCountry "AUT"]
[SourceTitle "EXT 2024"]
[Source "ChessBase"]
[SourceDate "2023.10.10"]
[SourceVersion "1"]
[SourceVersionDate "2023.10.10"]
[SourceQuality "1"]

1. d4 Nf6 2. Nf3 g6 3. c4 Bg7 4. Nc3 0-0 5. g3 d6 6. Bg2 Nc6 7. 0-0 Bf5 8. d5 Na5 9. Nd2 c5 10. e4 Bd7 11. h3 Rb8 12. Kh2 a6 13. a4 e5 14. Rb1 Bh6 15. Qe2 Nh5 16. b4 cxb4 17. Rxb4 b6 18. Nb3 Bxc1 19. Nxa5 bxa5 20. Rxb8 Qxb8 21. Rxc1 Qb4 22. Qe3 Kg7 23. Bf1 Qa3 24. c5 dxc5 25. Bxa6 Bxa4 26. Nxa4 Qxa4 27. Rc4 Qd1 28. Rxc5 Rb8 29. Be2 Qd4 30. Qxd4 exd4 31. Bxh5 gxh5 32. Rxa5 Kf6 33. d6 h4 34. g4 Ke6 35. Rd5 Rd8 36. Rxd4 Ke5 37. Rd2 Kxe4 38. d7 h6 39. Kg2 Ke5 40. Kf3 Ke6 41. Kf4 Rxd7 42. Rxd7 Kxd7 43. g5 h5 44. g6 fxg6 45. Kg5 Ke7 46. Kxg6 1-0

[Event "Weiz-ch op 11th"]
[Site "Weiz"]
[Date "2012.03.21"]
[Round "1.7"]
[White "Wallner, Walter"]
[Black "Vilits, Andreas"]
[Result "0-1"]
[WhiteElo "2032"]
[BlackElo "2139"]
[PlyCount "100"]
[EventDate "2012.03.21"]
[EventType "swiss"]
[EventRounds "5"]
[EventCountry "AUT"]
[SourceTitle "EXT 2024"]
[Source "ChessBase"]
[SourceDate "2023.10.10"]
[SourceVersion "1"]
[SourceVersionDate "2023.10.10"]
[SourceQuality "1"]

1. e4 e5 2. Nf3 Nc6 3. Bc4 Nf6 4. d3 Be7 5. c3 0-0 6. 0-0 d5 7. exd5 Nxd5 8. Re1 Bf6 9. Nbd2 Nb6 10. Ne4 Nxc4 11. dxc4 Be7 12. Bg5 Qxd1 13. Raxd1 f6 14. Bc1 Be6 15. b3 Rad8 16. h3 Bf5 17. Ng3 Bb1 18. Be3 Bxa2 19. Nd2 b6 20. Ra1 Rxd2 21. Bxd2 Bxb3 22. Nf5 Bc5 23. Be3 Bxe3 24. Nxe3 a5 25. Reb1 a4 26. Kf1 Rd8 27. Ke1 Ne7 28. Rb2 Kf7 29. Rd2 Rxd2 30. Kxd2 Ke6 31. Kd3 f5 32. Nc2 Ng6 33. g3 e4+ 34. Kd2 c5 35. Na3 Ne5 36. Ke3 Bxc4 37. Kf4 h6 38. h4 Kf6 39. f3 Bd3 40. fxe4 g5+ 41. hxg5+ hxg5+ 42. Ke3 fxe4 43. Rh1 Kf5 44. Nb1 c4 45. Nd2 b5 46. Rh8 a3 47. Rf8+ Kg4 48. Nxe4 a2 49. Ra8 Bb1 50. Kd2 Bxe4 0-1

[Event "Graz-chA"]
[Site "Graz"]
[Date "2012.01.27"]
[Round "6"]
[White "Cojhter, Karl"]
[Black "Wallner, Walter"]
[Result "0-1"]
[WhiteElo "2103"]
[BlackElo "2032"]
[PlyCount "152"]
[EventDate "2012.01.13"]
[EventType "swiss"]
[EventRounds "7"]
[EventCountry "AUT"]
[SourceTitle "EXT 2013"]
[Source "ChessBase"]
[SourceDate "2012.11.22"]
[SourceVersion "1"]
[SourceVersionDate "2012.11.22"]
[SourceQuality "1"]

1. e4 e5 2. Nf3 Nc6 3. Nc3 Nf6 4. a3 d6 5. d4 exd4 6. Nxd4 Be7 7. Be2 0-0 8. 0-0 Nxd4 9. Qxd4 c6 10. Bf4 Qb6 11. Qd3 Rd8 12. Rfd1 Bg4 13. Na4 Qa5 14. Bxg4 Nxg4 15. Nc3 Ne5 16. Qg3 Bf6 17. b4 Qc7 18. Bg5 Qe7 19. Bxf6 Qxf6 20. a4 a6 21. a5 Nc4 22. Ra2 Rd7 23. Qd3 Ne5 24. Qe2 Rad8 25. Ra3 Qe6 26. Rd4 Ng6 27. Ra1 Nf4 28. Qf3 Ng6 29. Rad1 Ne5 30. Qe2 f5 31. f3 fxe4 32. fxe4 Rf7 33. h3 Ng6 34. Qd2 Rf6 35. Ne2 Qe5 36. c4 Nh4 37. Qe3 Nf5 38. Qb3 Nxd4 39. Rxd4 Rdf8 40. c5+ d5 41. Qg3 Qxg3 42. Nxg3 Rf4 43. Rd2 dxe4 44. Rd7 R4f7 45. Rd4 Re7 46. Nxe4 Rf4 47. Rd8+ Kf7 48. Nd6+ Kg6 49. Nc8 Re1+ 50. Kh2 Rxb4 51. Rd6+ Kf7 52. Rd7+ Kf8 53. Nd6 Rc1 54. Nxb7 h6 55. Rc7 Rb2 56. Nd8 Re2 57. Rxc6 Ke7 58. Nb7 Re6 59. Rc7+ Kf6 60. Nd8 Re2 61. Rc6+ Kf5 62. Rc7 g5 63. Nf7 Rcc2 64. Nxh6+ Kg6 65. Rc6+ Kh5 66. Nf5 Rxg2+ 67. Kh1 Rh2+ 68. Kg1 Rcg2+ 69. Kf1 Rf2+ 70. Kg1 g4 71. hxg4+ Kxg4 72. Ne3+ Kf3 73. Re6 Ra2 74. c6 Rhe2 75. c7 Ra1+ 76. Nf1 Rg2+ 0-1

[Event "Graz-chA"]
[Site "Graz"]
[Date "2012.01.22"]
[Round "5"]
[White "Wallner, Walter"]
[Black "Neubauer, Anton"]
[Result "1-0"]
[WhiteElo "2032"]
[BlackElo "1926"]
[PlyCount "87"]
[EventDate "2012.01.13"]
[EventType "swiss"]
[EventRounds "7"]
[EventCountry "AUT"]
[SourceTitle "EXT 2013"]
[Source "ChessBase"]
[SourceDate "2012.11.22"]
[SourceVersion "1"]
[SourceVersionDate "2012.11.22"]
[SourceQuality "1"]

1. e4 c6 2. d4 d5 3. exd5 cxd5 4. Bd3 Nc6 5. c3 Nf6 6. Bf4 Bg4 7. Qb3 Qc8 8. Nd2 e6 9. Ngf3 Be7 10. 0-0 Bh5 11. Ne5 Nxe5 12. Bxe5 Bg6 13. Bb5+ Kf8 14. Nf3 a6 15. Be2 Nh5 16. a4 h6 17. Qd1 f6 18. Nh4 Bf7 19. Bxh5 fxe5 20. Qf3 Bf6 21. Bxf7 e4 22. Qh5 Bxh4 23. Qxh4 Kxf7 24. f3 e3 25. Qf4+ Kg6 26. Qxe3 Rf8 27. Rae1 Rf6 28. Qd3+ Kf7 29. f4 Qd7 30. b3 Kg8 31. Re3 Raf8 32. Ref3 Rf5 33. g4 R5f6 34. h3 Qe7 35. Kg2 Qd6 36. f5 Qb6 37. c4 exf5 38. gxf5 dxc4 39. Qxc4+ Kh8 40. Qc5 Qd8 41. Re1 Rd6 42. Re4 Qg5+ 43. Rg4 Qd2+ 44. Rf2 1-0

[Event "Steyr Landesliga 1112"]
[Site "Austria"]
[Date "2011.11.12"]
[Round "5.7"]
[White "Preck, Helmut"]
[Black "Wallner, Walter"]
[Result "1-0"]
[WhiteElo "2025"]
[BlackElo "2032"]
[PlyCount "105"]
[EventDate "2011.09.24"]
[EventType "team-tourn"]
[EventRounds "11"]
[EventCountry "AUT"]
[SourceTitle "EXT 2013"]
[Source "ChessBase"]
[SourceDate "2012.11.22"]
[SourceVersion "1"]
[SourceVersionDate "2012.11.22"]
[SourceQuality "1"]
[WhiteTeam "Graz Austria"]
[BlackTeam "Gleisdorf"]
[WhiteTeamCountry "AUT"]
[BlackTeamCountry "AUT"]

1. d4 Nf6 2. Nf3 g6 3. Nbd2 d5 4. e3 Bg7 5. Bd3 c5 6. c3 cxd4 7. exd4 0-0 8. 0-0 Nc6 9. Re1 Re8 10. h3 Nh5 11. Nf1 e5 12. dxe5 Nxe5 13. Nxe5 Rxe5 14. Be3 Qh4 15. Qf3 Qf6 16. Qxf6 Nxf6 17. Bd4 Rxe1 18. Rxe1 Be6 19. Nd2 Nd7 20. Nb3 Bxd4 21. Nxd4 Nc5 22. Bc2 Bd7 23. Bb3 Nxb3 24. Nxb3 Re8 25. Rxe8+ Bxe8 26. f4 Kf8 27. Kf2 Ke7 28. Ke3 Kd6 29. Kd4 b6 30. Na1 f6 31. Nc2 Bd7 32. Ne3 Be6 33. g4 Bf7 34. a4 a6 35. Nc2 g5 36. fxg5 fxg5 37. Ne1 h5 38. Nf3 hxg4 39. hxg4 Be6 40. Nxg5 Bxg4 41. Nf7+ Ke7 42. Ne5 Bd1 43. a5 bxa5 44. Kxd5 Bb3+ 45. Kc5 Ke6 46. Nc6 a4 47. Nd4+ Ke5 48. Nxb3 axb3 49. Kc4 Kd6 50. Kxb3 Kc5 51. Ka4 Kb6 52. b4 Kc6 53. Ka5 1-0

[Event "Weiz op 10th"]
[Site "Weiz"]
[Date "2011.04.10"]
[Round "5"]
[White "Horvath, Reka"]
[Black "Wallner, Walter"]
[Result "1/2-1/2"]
[WhiteElo "1965"]
[BlackElo "2033"]
[PlyCount "135"]
[EventDate "2011.04.07"]
[EventType "swiss"]
[EventRounds "5"]
[EventCountry "AUT"]
[SourceTitle "CBM 141 Extra"]
[Source "ChessBase"]
[SourceDate "2011.05.03"]
[SourceVersion "1"]
[SourceVersionDate "2011.05.03"]
[SourceQuality "1"]

1. Nf3 Nf6 2. g3 g6 3. Bg2 Bg7 4. 0-0 0-0 5. d4 d6 6. c4 Nc6 7. d5 Na5 8. Nbd2 c5 9. a3 b6 10. e4 Bg4 11. Re1 Qc7 12. Qc2 Nh5 13. Nf1 a6 14. Ne3 Bd7 15. Rb1 Rac8 16. b3 b5 17. Bb2 bxc4 18. bxc4 Rb8 19. Bxg7 Nxg7 20. Qc3 Ba4 21. e5 Bd7 22. exd6 exd6 23. Ng5 Rxb1 24. Rxb1 f6 25. Ne4 Ne8 26. Qb2 h6 27. Qb6 f5 28. Qxc7 Nxc7 29. Nxd6 f4 30. Nd1 Ne8 31. Nb7 Nxc4 32. Nxc5 Bf5 33. Ra1 fxg3 34. hxg3 a5 35. Ne3 Ned6 36. Nxf5 gxf5 37. a4 Rb8 38. Re1 Kf7 39. Re6 Rh8 40. Bf1 h5 41. Nb7 Nxb7 42. Bxc4 Rc8 43. Rc6 Nd6 44. Bb5 Ke7 45. Kg2 Rxc6 46. Bxc6 Ne4 47. Kf3 Kf6 48. Ke3 Ke5 49. Bd7 Nd6 50. Be6 Nc4+ 51. Ke2 Nd6 52. Kd3 Ne4 53. Kc4 Nxf2 54. Bf7 Ne4 55. Bxh5 Nxg3 56. Bf3 Kd6 57. Kb5 Ne4 58. Kxa5 Kxd5 59. Kb6 Kd6 60. a5 Nc5 61. Bc6 f4 62. Bf3 Nd7+ 63. Kb5 Nb8 64. Bg2 Kc7 65. Be4 Nd7 66. a6 Kb8 67. Kc6 Ka7 68. Kxd7 1/2-1/2

[Event "Weiz op 10th"]
[Site "Weiz"]
[Date "2011.04.09"]
[Round "3"]
[White "Wallner, Walter"]
[Black "Sonnberger, Thomas"]
[Result "0-1"]
[WhiteElo "2033"]
[BlackElo "2153"]
[PlyCount "86"]
[EventDate "2011.04.07"]
[EventType "swiss"]
[EventRounds "5"]
[EventCountry "AUT"]
[SourceTitle "CBM 141 Extra"]
[Source "ChessBase"]
[SourceDate "2011.05.03"]
[SourceVersion "1"]
[SourceVersionDate "2011.05.03"]
[SourceQuality "1"]

1. e4 c6 2. d4 d5 3. exd5 cxd5 4. Bd3 Nc6 5. c3 Nf6 6. Bf4 Bg4 7. Qb3 Qc8 8. Nd2 e6 9. Ngf3 Be7 10. 0-0 0-0 11. h3 Bh5 12. Rae1 a6 13. Ne5 Nd7 14. Ndf3 Ndxe5 15. Nxe5 b5 16. Nxc6 Qxc6 17. a3 Rfc8 18. Re3 Bg6 19. Qd1 a5 20. Rg3 b4 21. axb4 axb4 22. Bxg6 hxg6 23. Bd2 Qc4 24. b3 Qb5 25. cxb4 Ra2 26. Rc3 Rxc3 27. Bxc3 Bxb4 28. Qf3 Ra3 29. Rb1 Be7 30. Bd2 Bf6 31. Qc3 Ra2 32. Be3 Be7 33. g3 Bb4 34. Qc8+ Kh7 35. Qc7 Qd3 36. Qc1 Qf5 37. Kg2 Qe4+ 38. Kg1 e5 39. Ra1 Rc2 40. Qd1 Bc3 41. Ra4 exd4 42. Bxd4 Rd2 43. Qc1 Rxd4 0-1

[Event "Graz-ch"]
[Site "Graz"]
[Date "2011.01.07"]
[Round "1"]
[White "Wallner, Walter"]
[Black "Kubinger, Thomas"]
[Result "0-1"]
[WhiteElo "2045"]
[BlackElo "2227"]
[PlyCount "140"]
[EventDate "2011.01.07"]
[EventType "swiss"]
[EventRounds "7"]
[EventCountry "AUT"]
[SourceTitle "CBM 140 Extra"]
[Source "ChessBase"]
[SourceDate "2011.03.01"]
[SourceVersion "1"]
[SourceVersionDate "2011.03.01"]
[SourceQuality "1"]

1. e4 Nf6 2. e5 Nd5 3. d4 d6 4. Nf3 Nc6 5. c4 Nb6 6. exd6 exd6 7. Be2 Be7 8. 0-0 0-0 9. Nc3 Bg4 10. Nd5 Bxf3 11. Bxf3 Nxc4 12. Nxe7+ Qxe7 13. Bxc6 bxc6 14. Qa4 Nb6 15. Qxc6 Rfe8 16. Be3 Rac8 17. Rfd1 Qe6 18. b3 Qd5 19. Rac1 f5 20. Qxd5+ Nxd5 21. Rd3 f4 22. Bd2 Re2 23. Re1 Rce8 24. Rxe2 Rxe2 25. Kf1 Re8 26. h4 Kf7 27. g3 fxg3 28. fxg3 h5 29. Kf2 Kf6 30. Kf3 Kf5 31. Ba5 g5 32. hxg5 Kxg5 33. Bd2+ Kf5 34. Ba5 Re4 35. Bd2 h4 36. gxh4 Rxh4 37. Be1 Rh3+ 38. Bg3 Nf6 39. Kg2 Rh7 40. Rf3+ Ke6 41. Be1 Ne4 42. Re3 Kd5 43. Rd3 Rf7 44. Rd1 c6 45. Rc1 Ng5 46. Rc4 Ne6 47. Bf2 Rf4 48. Kg3 Re4 49. Ra4 Nxd4 50. Rxa7 c5 51. Rh7 Ne2+ 52. Kf3 Nc3 53. Rh5+ Kc6 54. a4 Rb4 55. Rh6 Rxb3 56. Bg3 Nxa4+ 57. Kf2 Rd3 58. Bf4 c4 59. Rh8 Nc5 60. Ke2 Ne4 61. Ra8 Rh3 62. Ra5 Rb3 63. Ra8 Kd5 64. Be3 Rb2+ 65. Ke1 Nc3 66. Bc1 Re2+ 67. Kf1 Ra2 68. Rxa2 Nxa2 69. Bh6 c3 70. Ke2 c2 0-1

[Event "Weiz op 9th"]
[Site "Weiz"]
[Date "2010.04.18"]
[Round "5"]
[White "Wallner, Walter"]
[Black "Horvath, Reka"]
[Result "0-1"]
[WhiteElo "2060"]
[BlackElo "1948"]
[PlyCount "124"]
[EventDate "2010.04.15"]
[EventType "swiss"]
[EventRounds "5"]
[EventCountry "AUT"]
[SourceTitle "CBM 136 Extra"]
[Source "ChessBase"]
[SourceDate "2010.07.02"]
[SourceVersion "2"]
[SourceVersionDate "2010.07.15"]
[SourceQuality "1"]

1. e4 c5 2. Nf3 d6 3. d4 cxd4 4. Nxd4 Nf6 5. Nc3 g6 6. Be2 Bg7 7. 0-0 0-0 8. Be3 Nbd7 9. f4 a6 10. Nb3 Re8 11. Qe1 Qc7 12. Qh4 b5 13. Bd3 Bb7 14. a3 e5 15. f5 d5 16. exd5 Nxd5 17. Nxd5 Bxd5 18. Bh6 Qb6+ 19. Kh1 Bh8 20. Nd2 Nc5 21. Ne4 Nxe4 22. Bxe4 Qd4 23. Rae1 Bxe4 24. Qxe4 Qxb2 25. Qb7 Qa2 26. Re3 Qc4 27. Ref3 Rab8 28. Qa7 e4 29. Rf4 Bd4 30. fxg6 fxg6 31. Qxb8 Qxf1+ 32. Rxf1 Rxb8 33. g3 Bg7 34. Bxg7 Kxg7 35. Re1 Re8 36. Kg2 Kf6 37. Kf2 Ke5 38. Rd1 Rf8+ 39. Ke2 Rf3 40. Rd7 Rxa3 41. Rxh7 b4 42. Rg7 Kf6 43. Ra7 Ra2 44. Kd1 a5 45. h4 a4 46. Rb7 Rb2 47. g4 a3 48. Kc1 b3 49. cxb3 e3 50. Rb8 e2 51. Re8 Ra2 52. Kb1 Rd2 53. h5 Rd1+ 54. Ka2 e1Q 55. Rxe1 Rxe1 56. hxg6 Kxg6 57. Kxa3 Kf6 58. Ka4 Re4+ 59. Ka5 Rxg4 60. b4 Ke6 61. b5 Kd6 62. Kb6 Rb4 0-1

[Event "Graz op-A 16th"]
[Site "Graz"]
[Date "2009.09.04"]
[Round "7"]
[White "Schiendorfer, Florian"]
[Black "Wallner, Walter"]
[Result "1/2-1/2"]
[WhiteElo "2138"]
[BlackElo "2049"]
[PlyCount "85"]
[EventDate "2009.08.29"]
[EventType "swiss"]
[EventRounds "9"]
[EventCountry "AUT"]
[SourceTitle "CBM 132 Extra"]
[Source "ChessBase"]
[SourceDate "2009.11.03"]
[SourceVersion "1"]
[SourceVersionDate "2009.11.03"]
[SourceQuality "1"]

1. d4 Nf6 2. c4 g6 3. Nc3 Bg7 4. Nf3 d6 5. Bf4 0-0 6. e3 c5 7. Be2 Nc6 8. d5 Nb8 9. 0-0 Nh5 10. Bg5 h6 11. Bh4 Bg4 12. Ne1 Bxe2 13. Qxe2 Nd7 14. Nd3 Ne5 15. Nxe5 Bxe5 16. f4 Bxc3 17. bxc3 Ng7 18. e4 Qd7 19. h3 f6 20. Bg3 Kh7 21. Bh2 b6 22. Qd3 Rab8 23. a4 a6 24. Rfb1 Rb7 25. e5 Rfb8 26. exd6 exd6 27. Bg3 Nf5 28. Bf2 h5 29. Re1 Re8 30. Qc2 h4 31. Rab1 Kg7 32. Ra1 Rbb8 33. Qb3 Rxe1+ 34. Rxe1 Re8 35. Rxe8 Qxe8 36. Qxb6 Qxa4 37. Qc7+ Kg8 38. Qd8+ Kf7 39. Qc7+ Kf8 40. Qd8+ Kg7 41. Qc7+ Kh6 42. Qd8 Kg7 43. Qc7+ 1/2-1/2

[Event "Graz op-A 16th"]
[Site "Graz"]
[Date "2009.09.01"]
[Round "4"]
[White "Wallner, Walter"]
[Black "Huber, Adolf"]
[Result "1/2-1/2"]
[WhiteElo "2049"]
[BlackElo "2072"]
[PlyCount "84"]
[EventDate "2009.08.29"]
[EventType "swiss"]
[EventRounds "9"]
[EventCountry "AUT"]
[SourceTitle "CBM 132 Extra"]
[Source "ChessBase"]
[SourceDate "2009.11.03"]
[SourceVersion "1"]
[SourceVersionDate "2009.11.03"]
[SourceQuality "1"]

1. e4 c5 2. Nc3 Nc6 3. g3 g6 4. Bg2 Bg7 5. d3 e6 6. Be3 Nd4 7. Qd2 Ne7 8. Nge2 Nec6 9. 0-0 0-0 10. Nd1 d6 11. c3 Nxe2+ 12. Qxe2 Qe7 13. Qd2 e5 14. Bh6 Bxh6 15. Qxh6 f5 16. f4 Qg7 17. Qxg7+ Kxg7 18. Ne3 Ne7 19. Nc4 exf4 20. gxf4 Rd8 21. e5 dxe5 22. Nxe5 Be6 23. b3 Rab8 24. c4 a5 25. Rfe1 Kf6 26. Re3 Rd6 27. Rae1 b6 28. Nf3 Nc6 29. Ng5 Bg8 30. Bxc6 Rxc6 31. Nf3 Re6 32. Ne5 Rd8 33. h4 Rd4 34. Rf1 Bf7 35. Kh2 Be8 36. Kg3 Bc6 37. Rfe1 Red6 38. R1e2 h6 39. Re1 Bb7 40. R1e2 Bc8 41. Rd2 Re6 42. Rde2 Red6 1/2-1/2

[Event "AUT-ch qual"]
[Site "Leoben"]
[Date "2008.07.26"]
[Round "8.13"]
[White "Wallner, Walter"]
[Black "Newrkla, Alexander"]
[Result "1-0"]
[WhiteElo "2135"]
[BlackElo "2055"]
[PlyCount "123"]
[EventDate "2008.07.19"]
[EventType "swiss"]
[EventRounds "9"]
[EventCountry "AUT"]
[SourceTitle "EXT 2024"]
[Source "ChessBase"]
[SourceDate "2023.10.10"]
[SourceVersion "1"]
[SourceVersionDate "2023.10.10"]
[SourceQuality "1"]

1. e4 Nc6 2. Nf3 e5 3. Bb5 a6 4. Bxc6 dxc6 5. 0-0 Bg4 6. h3 Bxf3 7. Qxf3 Qd7 8. d3 0-0-0 9. Qg3 f6 10. f4 exf4 11. Qxf4 Bd6 12. Qf5 Ne7 13. Qxd7+ Rxd7 14. Be3 Be5 15. Nc3 Bd4 16. Bxd4 Rxd4 17. Ne2 Rd7 18. b4 Ng6 19. a4 Kb8 20. Ra3 Ne7 21. Rb1 Rhd8 22. d4 Rd6 23. Re3 Ng6 24. c3 Re6 25. Re1 Rde8 26. Ng3 Ne7 27. Kf2 g6 28. Nf1 Kc8 29. Nd2 Kd8 30. Nb3 b6 31. Kf3 Nc8 32. e5 Ne7 33. c4 Rf8 34. Ke4 Nf5 35. Rf3 fxe5 36. dxe5 Rfe8 37. Kf4 Nh4 38. Rd3+ Kc8 39. Rd2 g5+ 40. Kg4 Rxe5 41. Rxe5 Rxe5 42. Nd4 c5 43. bxc5 Rxc5 44. Rc2 Ng6 45. Nb3 Rxc4+ 46. Rxc4 Ne5+ 47. Kxg5 Nxc4 48. Kh6 Ne5 49. Kxh7 c5 50. Kg7 c4 51. Nd4 c3 52. h4 b5 53. axb5 axb5 54. h5 Nc6 55. Ne2 c2 56. h6 Nd4 57. Nc1 Ne6+ 58. Kg8 Ng5 59. h7 Nxh7 60. Kxh7 Kd7 61. g4 Ke6 62. g5 1-0

[Event "AUT-ch qual"]
[Site "Leoben"]
[Date "2008.07.23"]
[Round "5.13"]
[White "Kainz, Josef"]
[Black "Wallner, Walter"]
[Result "1-0"]
[WhiteElo "1961"]
[BlackElo "2135"]
[PlyCount "53"]
[EventDate "2008.07.19"]
[EventType "swiss"]
[EventRounds "9"]
[EventCountry "AUT"]
[SourceTitle "EXT 2024"]
[Source "ChessBase"]
[SourceDate "2023.10.10"]
[SourceVersion "1"]
[SourceVersionDate "2023.10.10"]
[SourceQuality "1"]

1. d4 Nf6 2. c4 e6 3. Nf3 d5 4. e3 c6 5. Qc2 Nbd7 6. Nc3 Bd6 7. g4 dxc4 8. g5 Nd5 9. Bxc4 N7b6 10. Bb3 Nxc3 11. bxc3 a5 12. a3 Nd7 13. e4 e5 14. Be3 Qe7 15. a4 0-0 16. h4 Re8 17. g6 hxg6 18. Ng5 Rf8 19. 0-0-0 Nf6 20. dxe5 Bxe5 21. f4 Bc7 22. h5 Nxh5 23. f5 Bb6 24. Bd2 Kh8 25. Qa2 Bd7 26. Nxf7+ Kh7 27. Ng5+ 1-0

[Event "AUT-chT 0304"]
[Site "Austria"]
[Date "2004.01.25"]
[Round "7"]
[White "Wallner, Walter"]
[Black "Wach, Markus"]
[Result "1/2-1/2"]
[WhiteElo "2128"]
[BlackElo "2359"]
[PlyCount "125"]
[EventDate "2003.11.28"]
[EventType "team-tourn"]
[EventRounds "11"]
[EventCountry "AUT"]
[SourceTitle "CBM 097 Extra"]
[Source "ChessBase"]
[SourceDate "2004.01.13"]
[SourceVersion "1"]
[SourceVersionDate "2004.01.13"]
[SourceQuality "1"]
[WhiteTeam "Gleisdorf"]
[BlackTeam "Fuerstenfeld Admiral Sparkasse"]
[WhiteTeamCountry "AUT"]
[BlackTeamCountry "AUT"]

1. e4 c6 2. d4 d5 3. exd5 cxd5 4. Bd3 Nc6 5. c3 Nf6 6. Bf4 Bg4 7. Qb3 Na5 8. Qc2 e6 9. Nd2 Bd6 10. Bg3 Nc6 11. Ngf3 Qc7 12. 0-0 Bxg3 13. hxg3 Bh5 14. b4 Bg6 15. b5 Na5 16. Ne5 Rc8 17. Rfc1 b6 18. a4 0-0 19. Bxg6 hxg6 20. Qd3 Nd7 21. Nxd7 Qxd7 22. c4 dxc4 23. Nxc4 Nxc4 24. Rxc4 Rxc4 25. Qxc4 Rc8 26. Qb4 Qd5 27. Re1 Rd8 28. Rc1 Qxd4 29. Qxd4 Rxd4 30. Rc8+ Kh7 31. Rc7 Rxa4 32. Rxf7 Ra1+ 33. Kh2 g5 34. Re7 Ra5 35. g4 Rxb5 36. Rxa7 Kg6 37. Kg3 Rb3+ 38. f3 Rb2 39. Rb7 Kf6 40. Kh3 b5 41. g3 g6 42. Rb8 b4 43. f4 gxf4 44. gxf4 g5 45. fxg5+ Kxg5 46. Rb5+ Kf4 47. g5 Rb3+ 48. Kh2 Rb2+ 49. Kh3 Rb3+ 50. Kh2 Rc3 51. Rxb4+ Kxg5 52. Kg2 Kf5 53. Kf2 e5 54. Ke2 Ra3 55. Rc4 Ke6 56. Rh4 Kd5 57. Rb4 Ra2+ 58. Ke3 Ra1 59. Rb5+ Ke6 60. Rb8 Re1+ 61. Kf2 Re4 62. Kf3 Rd4 63. Kf2 1/2-1/2

[Event "AUT-chT 0304"]
[Site "Austria"]
[Date "2004.01.24"]
[Round "6"]
[White "Ebner, Hubert"]
[Black "Wallner, Walter"]
[Result "1/2-1/2"]
[WhiteElo "2251"]
[BlackElo "2128"]
[PlyCount "45"]
[EventDate "2003.11.28"]
[EventType "team-tourn"]
[EventRounds "11"]
[EventCountry "AUT"]
[SourceTitle "CBM 097 Extra"]
[Source "ChessBase"]
[SourceDate "2004.01.13"]
[SourceVersion "1"]
[SourceVersionDate "2004.01.13"]
[SourceQuality "1"]
[WhiteTeam "Graz Austria"]
[BlackTeam "Gleisdorf"]
[WhiteTeamCountry "AUT"]
[BlackTeamCountry "AUT"]

1. d4 Nf6 2. c4 g6 3. Nc3 Bg7 4. e4 d6 5. f3 0-0 6. Bg5 Nbd7 7. Qd2 c6 8. Nh3 e5 9. d5 Qb6 10. Be2 cxd5 11. cxd5 Nc5 12. Nf2 Nh5 13. Be3 Nf4 14. 0-0 Bd7 15. Nd3 Nfxd3 16. Bxd3 f5 17. Rfc1 Rac8 18. Rab1 Qd8 19. Be2 a5 20. b4 axb4 21. Rxb4 Qa5 22. Rcb1 Rc7 23. Bb5 1/2-1/2

[Event "AUT-chT2S 9697"]
[Site "Austria"]
[Date "1997.??.??"]
[Round "9"]
[White "Feichter, Clemens"]
[Black "Wallner, Walter"]
[Result "0-1"]
[WhiteElo "2170"]
[BlackElo "1965"]
[PlyCount "108"]
[EventDate "1996.??.??"]
[EventType "team"]
[EventRounds "11"]
[EventCountry "AUT"]
[SourceTitle "EXT 1999"]
[Source "ChessBase"]
[SourceDate "1998.11.16"]
[SourceVersion "1"]
[SourceVersionDate "1998.11.16"]
[SourceQuality "1"]

1. e4 c5 2. Nc3 Nc6 3. f4 g6 4. Nf3 Bg7 5. a4 d6 6. Bc4 e6 7. d3 Nge7 8. 0-0 0-0 9. Ba2 Rb8 10. Qe2 a6 11. Nd1 b5 12. axb5 axb5 13. Bb1 Qb6 14. c3 b4 15. Be3 Bd7 16. Qf2 bxc3 17. bxc3 Ra8 18. Rxa8 Rxa8 19. Bc2 Ra5 20. g4 f5 21. gxf5 exf5 22. Qh4 d5 23. Ne5 Nxe5 24. fxe5 Nc6 25. exd5 Nxe5 26. d4 cxd4 27. Bxd4 Qb8 28. Qg3 Rxd5 29. Ne3 Rb5 30. Ba4 Rb1 31. Bxd7 Rxf1+ 32. Kxf1 Nxd7 33. Qf3 Qb5+ 34. Kg2 Bxd4 35. cxd4 Qb2+ 36. Kf1 Qxd4 37. Qa8+ Kg7 38. Nd5 Nf6 39. Qb7+ Kh6 40. Nxf6 Qxf6 41. Qb4 Qe5 42. Qf8+ Kg5 43. Qd8+ Kh5 44. Qd1+ Kh4 45. Qd2 g5 46. Qf2+ Kh5 47. Qa2 Qf4+ 48. Kg1 Qe3+ 49. Kf1 h6 50. Qf7+ Kg4 51. Qa2 Qf3+ 52. Kg1 Kh3 53. Qd2 f4 54. Qc2 g4 0-1